Raó i sentiment de la nostra guerra / il·lustracions de Francesc Domingo
Publicado:
Barcelona :
Generalitat de Catalunya, Departament de Cultura, Serveis de Cultura al Front ,
1938
Descripción Física:
62 p. : il. ; 17'5 cm
MARC
| LEADER | 00000nam a2200000Ia 4500 | ||
|---|---|---|---|
| 001 | 634 | ||
| 008 | 160829s1938 xx 000 0 cat d | ||
| 080 | |a H-2-108 | ||
| 245 | |a Raó i sentiment de la nostra guerra / il·lustracions de Francesc Domingo | ||
| 260 | |a Barcelona : |b Generalitat de Catalunya, Departament de Cultura, Serveis de Cultura al Front, |c 1938 | ||
| 300 | |a 62 p. : |b il. ; |c 17'5 cm | ||
| 590 | |a Hi ha un duplicat: R. 635 DUP-35 | ||
| 651 | 0 | |a Espanya |x Història |y 1936-1939, Guerra Civil |9 55759 | |
| 700 | 1 | |a Domingo, Francesc |9 26921 | |
| 700 | |a Catalunya. Serveis de Cultura al Front |9 26922 | ||
| 901 | |a Arxiu | ||
| 942 | |n 1 | ||
| 952 | |0 0 |1 0 |4 0 |6 H2108 |7 1 |9 44207 |a Arxiu |b Arxiu |d 2016-12-01 |l 0 |o H-2-108 |p 634 |r 2016-12-01 00:00:00 |w 2016-12-01 |y ARXIU | ||
| 999 | |c 46787 |d 46787 | ||